19th Century US States Quiz Stats

 Plays Quiz Updated Jul 21, 2016

Score 0/29 Timer 03:00
8 Plays Today
% Correct
???
60.2%
???
57.4%
???
55.1%
???
52.2%
???
51.5%
???
50.7%
???
50.3%
???
49.8%
???
49.2%
???
49.2%
???
47.9%
???
47.2%
???
46.9%
???
45.3%
???
44.7%
% Correct
???
43.5%
???
43%
???
42.4%
???
42%
???
40.6%
???
40.6%
???
40.2%
???
39.9%
???
39.8%
???
38.3%
???
36.4%
???
35.6%
???
28.5%
???
25.7%

You're not logged in!

Compare scores with friends on all Sporcle quizzes.
Join for Free
OR
Log In

You Might Also Like...

Show Comments

Extras

Top Quizzes Today


Score Distribution

Your Account Isn't Verified!

In order to create a playlist on Sporcle, you need to verify the email address you used during registration. Go to your Sporcle Settings to finish the process.

Report this User

Report this user for behavior that violates our Community Guidelines.

Details: